<?xml version="1.0" encoding="UTF-8"?>
<marc:record xmlns:marc="http://www.loc.gov/MARC21/slim">
   <marc:leader>00000nam a2200000 a 4500</marc:leader>
   <marc:datafield ind1="0" ind2="0" tag="245">
      <marc:subfield code="a">Farbe, Eule, Stift und Katze</marc:subfield>
   </marc:datafield>
   <marc:datafield ind1="0" ind2="0" tag="245">
      <marc:subfield code="c">Claudia Gürtler ; Renate Habinger</marc:subfield>
   </marc:datafield>
   <marc:datafield ind1=" " ind2="1" tag="264">
      <marc:subfield code="a">Wien</marc:subfield>
      <marc:subfield code="b">Jungbrunnen</marc:subfield>
      <marc:subfield code="c">2025</marc:subfield>
   </marc:datafield>
   <marc:datafield ind1="1" ind2=" " tag="520">
      <marc:subfield code="a">Quelle: bn.bibliotheksnachrichten (http://www.biblio.at/literatur/bn/index.html); #Autor: Maria Schmuckermair; #Zeichnen lernen ist nicht leicht, braucht Geduld  macht aber enorm viel Freude. (ab 3) (JD)#Mina hat zu Weihnachten ein leeres Buch mit weißen Seiten und dazu Malstifte, Farben und Pinsel geschenkt bekommen. Mit Feuereifer beginnt sie, Eulen und Katzen zu zeichnen und für die Tiere eine entsprechende Unterkunft zu schaffen  einen Baum und ein verwinkeltes Haus. Mina lebt mit ihren Kreaturen mit, gibt ihnen Namen und zeichnet Seite um Seite, wie sie sich vermehren und ein Eigenleben entwickeln. Als die Eule und die Katze zu streiten beginnen, wird Mina zornig, reißt die Seiten aus ihrem Buch und lässt die undankbaren Tiere hinter einem selbst gemalten schwarzen Vorhang verschwinden. Mina ist mit ihren Zeichenkünsten unzufrieden. Doch zum nächsten Weihnachtsfest bekommt sie von Eule und Katze ein neues Malbuch mit leeren weißen Seiten geschenkt ...#Dem Inhalt der Geschichte entsprechend, präsentiert sich die wunderschöne Illustration auf weißem Hintergrund. Die Farbigkeit ist elegant, wird sparsam, aber umso wirkungsvoller eingesetzt. Die lustigen Figuren zeigen mit ihrer Körperhaltung, mit ihrer Mimik und Gestik alle möglichen Stimmungen von frech über zufrieden bis wütend. Die ersten Zeichenversuche Minas spiegeln auch alle möglichen Techniken wider. Ein künstlerisch hochwertiges, besonders ansprechendes Bilderbuch!</marc:subfield>
   </marc:datafield>
   <marc:datafield ind1=" " ind2=" " tag="020">
      <marc:subfield code="a">9783702660055</marc:subfield>
      <marc:subfield code="9">9783702660055</marc:subfield>
   </marc:datafield>
   <marc:datafield ind1=" " ind2=" " tag="041">
      <marc:subfield code="a">ger</marc:subfield>
   </marc:datafield>
   <marc:datafield ind1=" " ind2=" " tag="300">
      <marc:subfield code="a">28 ungezählte Seiten</marc:subfield>
   </marc:datafield>
</marc:record>
